"Som robotníkom divadla" rozhovor s Romanom Polákom, držiteľom minuloročnej DOSKY - Ceny za najlepšiu inscenáciu sezóny a Ceny za najlepšiu réžiu sezóny

Bibliographic Details
Main Authors: Ulmanová, Martina (ain), Uličianska, Zuzana, 1962- (Author, ain), Polák, Roman, 1957- (Author, uin)
Format: Article
Language:Slovak
PhysicalDescription:Fotogr.
Subjects:

MARC

LEADER 00000nab a2200000 a 4500
001 vtls000665315
003 SK-MaSNL
005 20260302182515.0
008 180205c1998 xo 0 slo
015 |a SNBRB1998/06-17463 
035 |a CLN000017501 
040 |a SNKBUCL  |b slo  |c SNKBUCL  |e AACR2 
041 0 |a slo 
044 |a xo  |c SK 
080 |a 792.075  |2 UDC-MRF-SK2 
100 1 |a Ulmanová, Martina  |4 ain  |9 525714 
245 1 0 |a "Som robotníkom divadla"  |b rozhovor s Romanom Polákom, držiteľom minuloročnej DOSKY - Ceny za najlepšiu inscenáciu sezóny a Ceny za najlepšiu réžiu sezóny  |c [zhovárali sa] Martina Ulmanová a Zuzana Uličianska 
300 |b Fotogr. 
600 1 7 |a Polák, Roman,  |d 1957-  |2 snkbucl  |9 14586 
655 7 |a články z novín a časopisov  |2 snkbucl  |9 267496 
700 1 |a Uličianska, Zuzana,  |d 1962-  |4 aut  |4 ain  |9 103260 
700 1 |a Polák, Roman,  |d 1957-  |4 aut  |4 uin  |9 14586 
773 0 |t Divadlo v medzičase  |g Roč. 3, č. 2 (1998), s. 1 a 3 
850 |a Slovenská národná knižnica v Martine 
852 |a SNK  |b KIS3GCP 
958 |a RBX 
999 |c 1418421  |d 1420351